Uk football hooligan firms - Statistics

General Stats
  • This quiz has been taken 27 times
  • The average score is 3 of 15
Answer Stats
Hint Answer % Correct
Manchester united The red army
65%
West ham Inter city firm
55%
Leicester city baby squad
40%
Chelsea Chelsea Headhunters
30%
Cardiff Soul crew
25%
Wrexham Wrexham Frontline
20%
Newcastle Newcastle gremlins
10%
Sunderland Seaburn casuals
10%
Aberdeen Aberdeen Soccer Casuals
5%
Millwall Berserkers
5%
Manchester city Blazing Squad
5%
Celtic Celtic Soccer Crew
5%
Motherwell Saturday service
5%
Arsenal The herd
5%
Aston villa villa hardcore
5%
No matching quizzes found
Score Distribution
Percent of People with Each Score
Percentile by Number Answered
Your Score History
You have not taken this quiz